| 000 | 00632nam a2200181 a 4500 | ||
|---|---|---|---|
| 001 | 000005685 | ||
| 005 | 20251120073731.0 | ||
| 008 | 090821s2001 dr 000 0 spa d | ||
| 040 |
_aDO-SdBNP _bspa _cBNPHU |
||
| 082 |
_axxxx _bM534e |
||
| 100 | 1 |
_aMena Peguero, Rita _910382 |
|
| 245 | 1 | 3 |
_aLa economía y las reformas económicas / _cRita Mena Peguero. |
| 260 |
_aSanto Domingo : _bPUCMM, _c2001. |
||
| 300 |
_a65 p. ; : _b21 cm. |
||
| 500 | _aProyecto para el apoyo a iniciativas democraticas, reformas económicas y sociales | ||
| 504 | _abibliografía : p. 61 | ||
| 710 | 2 |
_aPontificia Universidad Católica Madre y Maestra _9843 |
|
| 999 |
_c5482 _d5482 |
||